Chaîne de mots "personnages réels ou fictifs" - Statistiques

Statistiques générales
  • Ce quiz a été pris 80 fois
  • Le résultat moyen est 5 sur 25
Statistiques - réponses
Répliques / phrases / citations Personnages % Correct
« C'est pô juste » Titeuf Chappuis
88%
Un rouquin, et une robe de seconde main, c'est forcément un Weasley Drago Malefoy
70%
"I have a dream" Martin Luther King
70%
Mon Précieux… Ils me l’ont volé ! Sales petits hobbits joufflus ! Gollum
66%
Non, Anna, ma place est ici... seule, où je peux être qui je suis... Elsa
56%
On aurait pu se faire tuer, ou pire être renvoyés Hermione Granger
45%
Poupi poupi poupipou, Poupi poupi poupipou, Poupi poupi poupipou, Dewey
30%
je suis vraiment désolée. J'ai déjà accepté d'y aller avec quelqu'un d'autre. Cho Chang
21%
Et vous m'apprendrez à cracher comme un homme ! Rose Dawson
21%
Pourquoi c’est toujours moi ? Neville Londubat
14%
"Je suis le premier Arabe en F1 et j'en suis fier" Isack Hadjar
10%
Voilà que nous sommes suivis par des pierres, c’est bien la première fois ! Jack Sparrow
8%
“La vie est un mystère qu'il faut vivre, et non un problème à résoudre.” Gandhi
7%
La chanson fait chanter notre mémoire Yves Montand
5%
Pourquoi pas jouer comme ça chaque jour, gagner des millions, être riche. Non ! Il décide de faire ça une fois par an. Daniil Medvedev
4%
Fiesta boom boom pour tout le monde Laurent Ournac
4%
Je ne rêve pas la nuit, je rêve le jour, je rêve toute la journée ; je rêve pour vivre. Steven Spielberg
3%
Les mots construisent des ponts vers des régions inexplorées Adolf Hitler
1%
C’est vous qui êtes faible, vous ne connaîtrez jamais l’amour, ou l’amitié. Je vous plains sincèrement. Daniel Radcliffe
1%
Chacun devrait faire de son mieux, ce qui devrait me permettre de m'en tirer sans rien faire. Garfield
1%
Vous ne serez jamais la même personne que vous êtes en ce moment. Robert Redford
1%
Je vis ma vie un quart de mille à la fois. Vin Diesel
1%
Il y a très peu de gens qui font ce que je fais Richard McDonald
0%
Haha ! Si tu savais a quel point je suis heureux de te voir. Will Turner
0%
L'état est devenu réellement un état raciste Youssef Boussoumah
0%
Aucun quiz correspondant
Distribution des résultats
% des personnes avec chaque résultat
Percentile par nombre de réponses
Votre historique - résultats
Vous n’avez pas pris ce quiz